| 000 | 01061naa a2200313 c 4500 | ||
|---|---|---|---|
| 001 | 34715 | ||
| 003 | ES-MaCES | ||
| 005 | 20150724120101.0 | ||
| 008 | 050425n2004 it t 000 | ita d | ||
| 035 | _aCES20050001911v | ||
| 040 |
_aES-MaCES _bspa _cES-MaCES |
||
| 100 | 1 |
_aBiagioli, Mario _97728 |
|
| 245 | 1 | 0 |
_aFlessibilità del mercato del lavoro e coesione sociale _cMario Biagioli, Emilio Reyneri e Gilberto Seravalli |
| 500 | _aResumen en inglés | ||
| 504 | _aBibliografía: p.310-313 | ||
| 650 | 4 |
_aItalia _926952 |
|
| 650 | 4 |
_a1996-2001 _931688 |
|
| 650 | 4 |
_aflexibilidad del trabajo _930174 |
|
| 650 | 4 |
_acohesión social _930743 |
|
| 650 | 4 |
_amercado de trabajo _928292 |
|
| 653 | 1 | 0 | _aEmpleo |
| 650 | 4 |
_928300 _apolítica de empleo |
|
| 700 | 1 |
_aSeravalli, Gilberto _923871 |
|
| 700 | 1 |
_aReyneri, Emilio _921978 |
|
| 773 | 0 |
_tStato e mercato _gn. 71 (ag. 2004){10267 R. 058526}; p. 278-313 _w(ES-MaCES)25280 _947219 |
|
| 902 | _aART Artículo de revista | ||
| 942 |
_2CES _cAR _h2.1. |
||
| 999 |
_c34715 _d34715 |
||